| 000 | 01891cam a22004814i 4500 | ||
|---|---|---|---|
| 003 | PE-LiUPU | ||
| 005 | 20250731173026.0 | ||
| 008 | 150623s r 000 0 d | ||
| 020 | _a0805416528 | ||
| 035 | _a(Sirsi) i9780805416527 | ||
| 040 |
_aPE-LiUPU _bspa _cPE-LiUPU _erda |
||
| 049 | _aPRUA | ||
| 082 | 0 | 4 |
_a289.3 _bR71 _221 |
| 100 | 1 |
_aRoberts, R. Philip, _eautor. |
|
| 245 | 1 | 0 |
_aMormonism unmasked : _bconfronting the contradictions between Mormon beliefs and true Christianity / _cR. Philip Roberts. |
| 264 | 1 |
_aNashville, Tennessee : _bBroadman & Holman Publisers, _c1998. |
|
| 300 |
_a184 páginas : _bilustraciones, cuadros, gráfs ; _c20 centímetros |
||
| 336 |
_atext _2rdacontent |
||
| 337 |
_aunmediated _2rdamedia |
||
| 338 |
_avolume _2rdacarrier |
||
| 504 | _aIncluye Bibliografía. | ||
| 505 | 0 | _aMormons on Your Doorstep. -The Marketing os an Image. -The Making of a Religion. -Polytheism Reborn. -Confronting the Mormon Jesus. -This is Good News?. -Revealing Revelations. -Jesus Is coming Again. -By Whose Authority?. -Meeting the Mormon Challenge. | |
| 526 | _aSEG42 | ||
| 526 | _aSEG41 | ||
| 526 | _aSEG40 | ||
| 526 | _aSEG39 | ||
| 526 | _aP94 | ||
| 526 | _aP87 | ||
| 526 | _aP86 | ||
| 526 | _aP85 | ||
| 526 | _aP77 | ||
| 526 | _aP76 | ||
| 526 | _aP35 | ||
| 610 | 2 |
_aIglesia de Jesucristo de los Santos de los Últimos Días _xLiteratura polémica |
|
| 610 | 2 |
_aIglesia Mormona _xLiteratura polémica. |
|
| 650 | 0 | 4 | _a |
| 942 |
_2ddc _cBOOK |
||
| 949 |
_a289.3 R71 _wDEWEY _c1 _i47984 _lCCODEBUL1 _mBUL _r0 _sY _tBOOK _u2015-6-24 _xTEOLOGIA _PP35 _0COMPRA _o.STAFF. Colección General |
||
| 994 |
_aC0 _bPEPRU |
||
| 596 | _a1 | ||
| 999 |
_a289.3 R71 _wDEWEY _c24460 _i47984 _f2021-11-12 _g5 _lCCODEBUL1 _mBUL _r0 _sY _tBOOK _u2015-6-24 _xTEOLOGIA _PP35 _0COMPRA _o.STAFF. Colección General _d24460 |
||
| 980 |
_81 _gALBERTO SANCHEZ Responsable de Automatización |
||